Normal view MARC view
  • Outwitting your years

Entry Topical Term

Number of records used in: 1

001 - CONTROL NUMBER

  • control field: 108347

003 - CONTROL NUMBER IDENTIFIER

  • control field: NUST

005 - DATE AND TIME OF LATEST TRANSACTION

  • control field: 20230201114905.0

008 - FIXED-LENGTH DATA ELEMENTS

  • fixed length control field: 230201|| aca||aabn | a|a d

040 ## - CATALOGING SOURCE

  • Original cataloging agency: NUST
  • Transcribing agency: NUST

150 ## - HEADING--TOPICAL TERM

  • Topical term or geographic name entry element: Outwitting your years

670 ## - SOURCE DATA FOUND

  • Source citation: Work cat.: (NUST)186377: Lieb, Clarence William 108346, Outwitting your years / , 1950
© 2023 Central Library, National University of Sciences and Technology. All Rights Reserved.